Statistics for Random German words #2

Click here to take the quiz!

General Stats

  • This quiz has been taken 54 times
  • The average score is 13 of 20

Answer Stats

WordMeaning% Correct
Salzsalt
94%
Brotbread
91%
Tanteaunt
81%
Kopfhead
81%
Vogelbird
79%
Wasserflaschewater bottle
74%
Meersea
72%
zurückback
70%
Leutepeople
68%
Antwortanswer
66%
leckerdelicious
60%
Schreibtischdesk
60%
Regenschirmumbrella
60%
Gesichtface
57%
schonalready
53%
gefährlichdangerous
53%
Wandwall
51%
Hemdshirt
47%
Pläneplans
45%
unhöflichimpolite
32%

Score Distribution

Percentile by Number Answered

Percent of People with Each Score

Your Score History

You have not taken this quiz